La Patagonia: Errores geográficos y diplomáticos
Na minha lista:
| Autor principal: | |
|---|---|
| Formato: | Livro |
| Idioma: | espanhol |
| Publicado em: |
Santiago
Imprenta Cervantes
1930
|
| Edição: | 1a. ed |
| Assuntos: | |
| Tags: |
Adicionar Tag
Sem tags, seja o primeiro a adicionar uma tag!
|
MARC
| LEADER | 00000nam a2200000 a 4500 | ||
|---|---|---|---|
| 001 | UCJ3498 | ||
| 003 | CL-VaPUC | ||
| 008 | 070124e19300000CL |||||||||||||||||spa|d | ||
| 082 | 0 | 4 | |a 983 |b IRA |2 21 |
| 100 | 0 | |a Irarrázabal Larraín, José Miguel |e author |9 505389 | |
| 245 | 1 | 3 | |a La Patagonia: Errores geográficos y diplomáticos |
| 250 | |a 1a. ed | ||
| 300 | |a 288 p | ||
| 942 | |c BK | ||
| 945 | |d 20070124 00:00:00 |a rinostro | ||
| 260 | |a Santiago |b Imprenta Cervantes |c 1930 | ||
| 500 | |a Reproducción del mapa de la región de V. Martín de Moussy, de 1867 | ||
| 600 | 0 | |a Ibáñez Gutiérrez, Adolfo |d 1827-1898 |9 506736 | |
| 600 | 0 | |a Barros Arana, Diego |9 316241 | |
| 600 | 0 | |a Darwin Charles |9 398 | |
| 600 | 0 | 7 | |a PEREZ ROSALES, VICENTE |2 CL-VaPUC |9 346608 |
| 600 | 0 | 7 | |a FALKNER, TOMAS |2 CL-VaPUC |9 505390 |
| 650 | 0 | |a Límites |9 255439 | |
| 650 | 0 | |a Diplomacia Chilena |9 447165 | |
| 650 | 7 | |a DIPLOMACIA ARGENTINA |2 CL-VaPUC |9 446983 | |
| 650 | 7 | |a DISPUTAS LIMITROFES |2 CL-VaPUC |9 505391 | |
| 650 | 0 | |a Derecho internacional |9 255637 | |
| 650 | 0 | |a Población |9 257577 | |
| 650 | 0 | |a Recursos naturales |9 255232 | |
| 650 | 7 | |a EXPLORACIONES |2 CL-VaPUC |9 371735 | |
| 651 | 0 | |a Patagonia |9 269580 | |
| 583 | |a last modification |c 20070124 00:00:00 |k Rodrigo Vera | ||
| 999 | |c 319620 |d 319618 | ||
| 952 | |0 0 |1 0 |4 0 |6 983_000000000000000_IRA_1930 |7 0 |8 X |9 397973 |a FDOBUD |b FDOBUD |d 2019-11-22 |i 1004581 |o 983 IRA 1930 |p 1004581 |r 2019-11-22 |w 2019-11-22 |y BK_X |k BUD | ||